Estudio y Anl̀isis de las Leyes de Violencia de Genero LO 1/2004 /

Bibliographic Details
Main Author: Roman Llamosi, Sofia
Format: eBook
Language:Spanish
Published: Madrid: Editorial Acadm̌ica Espaǫla, 2019
Subjects:
Online Access:Acceso restringido

MARC

LEADER 00000nam a22000007a 4500
005 20191009220312.0
007 cr|||| ||||
008 191009s2019 es |||||s|||| 00||0 spa d
020 |a 9786139465330 
035 |a 29747 
040 |a vLex 
090 |c 9760  |d 9760 
100 1 |a Roman Llamosi, Sofia 
245 1 0 |a Estudio y Anl̀isis de las Leyes de Violencia de Genero  |h [Recurso electrn̤ico] :  |b LO 1/2004 /  |c Sofia Roman Llamosi 
256 |a Servicio en ln̕ea 
260 |a Madrid:  |b Editorial Acadm̌ica Espaǫla,  |c 2019 
300 |a 1 recurso electrn̤ico 
500 |a El presente libro contiene un estudio sobre la LO 1/2004, en su vocacin̤ de otorgar una proteccin̤ integral a las victimas de violencia de genero, as ̕como las personas de ellas dependientes, desde una preceptiva de visin̤ unitaria, tanto del problema como del juzgado con competencia exclusiva para mejor administracin̤ de tutela judicial efectiva, as ̕como las medidas cautelares necesarias para otorgar dicha proteccin̤. 
506 1 |a Disponible solo en los productos indicados  |d vLex Global  |d vLex Global (Academic Edition, excluding Law Schools)  |d vLex Global (U.S. Academic Edition, Law Schools)  |d vLex Global (U.S. Academic Edition, excluding Law Schools)  |d vLex Global (Academic Edition, Law Schools) 
650 0 4 |a Derecho Pb︢lico y Administrativo  |z Espaą 
740 0 |a vLex Libros (Servicio en ln̕ea) 
856 4 0 |u http://vlex.com/source/29747  |z Acceso restringido 
942 |c BOOK 
999 0 |a Public and Administrative Law